[Event "IECC CL7-2012.05 email"]
[Site "IECC email"]
[Date "2012.05.19"]
[Round "?"]
[White "Mullen, Kyle"]
[Black "Campbell, Graham G"]
[Result "0-1"]
[WhiteElo "1115"]
[BlackElo "1178"]
[PlyCount "46"]
[EventDate "2012.??.??"]
[EventType "tourn (corr)"]
[EventRounds "4"]
[SourceTitle "Telechess CBM 165"]
[Source "ChessBase"]
[SourceDate "2015.03.11"]
[SourceVersion "1"]
[SourceVersionDate "2015.03.11"]
[SourceQuality "1"]
[WhiteTeam "Canada"]
[BlackTeam "US of America"]
[WhiteTeamCountry "CAN"]
[BlackTeamCountry "USA"]

1. e4 e5 2. Nf3 Nc6 3. c3 Nf6 4. b4 a6 5. a4 Be7 6. d4 d5 7. exd5 Nxd5 8. c4 Ndxb4 9. Be2 e4 10. Nbd2 exf3 11. Bxf3 Nxd4 12. Be4 0-0 13. 0-0 f5 14. Rb1 fxe4 15. Nb3 Nxb3 16. Rxb3 Be6 17. Bd2 Bxc4 18. f4 Qd4+ 19. Kh1 Bxf1 20. Rxb4 Bxb4 21. Qxf1 Bxd2 22. g3 e3 23. h4 Qe4+ 0-1